<?xml version="1.0" encoding="UTF-8"?>
<record
    xmlns:xsi="http://www.w3.org/2001/XMLSchema-instance"
    xsi:schemaLocation="http://www.loc.gov/MARC21/slim http://www.loc.gov/standards/marcxml/schema/MARC21slim.xsd"
    xmlns="http://www.loc.gov/MARC21/slim">

  <leader>00997nam a22002417a 4500</leader>
  <controlfield tag="003">BI-BuBU</controlfield>
  <controlfield tag="008">250115b2024    bd a   fr|||| 000 0 fre d</controlfield>
  <datafield tag="037" ind1=" " ind2=" ">
    <subfield code="b">don de l'auteur</subfield>
  </datafield>
  <datafield tag="039" ind1=" " ind2=" ">
    <subfield code="a">20250115143607.0</subfield>
    <subfield code="d">Edouard Niyonkuru</subfield>
  </datafield>
  <datafield tag="040" ind1=" " ind2=" ">
    <subfield code="a">BI-BuBU</subfield>
    <subfield code="b">Fre</subfield>
    <subfield code="c">BI-BuBU</subfield>
    <subfield code="d">BI-BuBU</subfield>
  </datafield>
  <datafield tag="041" ind1="0" ind2=" ">
    <subfield code="d">Fre</subfield>
  </datafield>
  <datafield tag="080" ind1=" " ind2=" ">
    <subfield code="a">614.7</subfield>
  </datafield>
  <datafield tag="100" ind1="1" ind2=" ">
    <subfield code="4">aut</subfield>
    <subfield code="a">Irakoze, Elvis</subfield>
  </datafield>
  <datafield tag="245" ind1="1" ind2=" ">
    <subfield code="a">Mod&#xE9;lisation spatio-temporelle de la pollution de l'air</subfield>
    <subfield code="c">Elvis Irakoze ; Denis Nkurunziza,directeur</subfield>
  </datafield>
  <datafield tag="260" ind1=" " ind2=" ">
    <subfield code="a">Bujumbura</subfield>
    <subfield code="b">Universite du Burundi : Faculte des Sciences,d&#xE9;partement de la math&#xE9;matique</subfield>
  </datafield>
  <datafield tag="300" ind1="1" ind2=" ">
    <subfield code="a">XII-54 f.</subfield>
    <subfield code="c">30 cm.</subfield>
  </datafield>
  <datafield tag="500" ind1=" " ind2=" ">
    <subfield code="a">M&#xE9;moire pr&#xE9;sent&#xE9; et d&#xE9;fendu publiquement en vue de l'obtention du dipl&#xF4;me de master en Math&#xE9;matique Fondementales et appliqu&#xE9;es.
Option : Math&#xE9;matique Fondementale et Appliqu&#xE9;es</subfield>
  </datafield>
  <datafield tag="650" ind1=" " ind2="7">
    <subfield code="2">BI-BuBU</subfield>
    <subfield code="a">Air</subfield>
    <subfield code="x">Pollution</subfield>
    <subfield code="x">Mod&#xE9;lisation spacio-temporelle</subfield>
  </datafield>
  <datafield tag="655" ind1=" " ind2="7">
    <subfield code="2">BI-BuBU</subfield>
    <subfield code="a">m&#xE9;moire</subfield>
  </datafield>
  <datafield tag="700" ind1="1" ind2=" ">
    <subfield code="4">Dir.</subfield>
    <subfield code="a">Denis Nkurunziza</subfield>
  </datafield>
  <datafield tag="942" ind1=" " ind2=" ">
    <subfield code="2">udc</subfield>
    <subfield code="c">MEM</subfield>
  </datafield>
  <datafield tag="999" ind1=" " ind2=" ">
    <subfield code="c">51337</subfield>
    <subfield code="d">51337</subfield>
  </datafield>
  <datafield tag="952" ind1=" " ind2=" ">
    <subfield code="0">0</subfield>
    <subfield code="1">0</subfield>
    <subfield code="2">udc</subfield>
    <subfield code="4">0</subfield>
    <subfield code="7">1</subfield>
    <subfield code="9">82703</subfield>
    <subfield code="a">BC</subfield>
    <subfield code="b">BC</subfield>
    <subfield code="d">2025-01-15</subfield>
    <subfield code="e">don de l'auteur</subfield>
    <subfield code="l">0</subfield>
    <subfield code="o">R.614.7 IRA.</subfield>
    <subfield code="p">5010000480608</subfield>
    <subfield code="r">2025-01-15</subfield>
    <subfield code="t">1</subfield>
    <subfield code="w">2025-01-15</subfield>
    <subfield code="y">MEM</subfield>
    <subfield code="i">240984</subfield>
  </datafield>
</record>
